MARC

LEADER 00000nam0a2200000 4500
001 179359
005 20231101223453.0
035 |a (RuTPU)RU\TPU\book\194428 
090 |a 179359 
100 |a 20100420d2004 m y0rusy50 ca 
101 0 |a rus 
102 |a RU 
105 |a a z 000zy 
200 1 |a Край кедровый. Томская область  |f под ред. Н. Потехиной ; фот. А. Паутов 
210 |a [Б. м.]  |c [Б. и.]  |d 2004 
215 |a 50 с.  |c ил. 
606 1 |a Томская область  |x География  |2 stltpush  |3 (RuTPU)RU\TPU\subj\69463  |9 84314 
610 1 |a Западная Сибирь 
610 1 |a краеведение 
610 1 |a города 
610 1 |a Томск 
610 1 |a Северск 
610 1 |a Стрежевой 
610 1 |a Кедровый 
610 1 |a Асино 
610 1 |a Колпашево 
610 1 |a Белый Яр 
610 1 |a история 
610 1 |a природные ресурсы 
610 1 |a районы 
610 1 |a население 
610 1 |a фотоальбомы 
675 |a 91(571.16)  |v 3 
702 1 |a Потехина  |b Н.  |4 340 
702 1 |a Паутов  |b А.  |4 600 
801 1 |a RU  |b 63413507  |c 20100420 
801 2 |a RU  |b 63413507  |c 20100421  |g RCR 
942 |c BK